000 00511nam a2200181Ia 4500
003 GCL
008 140319s9999 xx 000 0 eng d
040 _aGCL /
_cGCL
082 0 4 _a615.9
_bD H
100 1 _aDREISBACH, ROBERT H.
245 1 0 _aHAND BOOK OF POISONING: PREVENTION DIAGNOSIS & TREATMENT /
_cDREISBACH, ROBERT H.
700 1 _aROBERTSON, WILLIAM
260 _a[S.N] :
_bAPPLETON & LANGE ،
_c1987
300 _a589 P
650 0 4 _aPOISONING
650 0 4 _aDIAGNOSIS, POISONING
942 _2ddc
_cBK
999 _c19886
_d19886